Gaming Quiz

Random Gaming Quiz

Top selling games 2010 Quiz Stats

 Plays Quiz not verified by Sporcle

Also try: Profile: Mario
Challenge
Share
Tweet
Embed
Score 0/30 Timer 08:00
0 Plays Today
Ranking Game % Correct
1Call of Duty Black Ops
77.8%
7Halo: Reach
51.9%
12Super Mario Galaxy 2
48.1%
8Red Dead Redemption
44.4%
11Call of Duty Modern Warfare 2
44.4%
28Fallout: New Vegas
33.3%
2Wii Sports
29.6%
6Fifa Soccer 2011
29.6%
13Assassin's Creed: Brotherhood
25.9%
29Donkey Kong Country Returns
25.9%
30God of War III
25.9%
14Mario Kart Wii
22.2%
16Pokemon Black and White
22.2%
17Gran Turismo 5
22.2%
3New Super Mario Bros. Wii
18.5%
Ranking Game % Correct
5Wii Fit Plus
18.5%
15Madden NFL 11
18.5%
22Final Fantasy XIII
18.5%
10Pokemon Heart Gold and Soul Silver
14.8%
19Battlefield Bad Company 2
11.1%
20Wii Party
11.1%
23Mario kart DS
11.1%
21Just Dance
7.4%
25Medal of Honor
7.4%
4Wii Sport Resort
3.7%
9Kinect Adventures
3.7%
18Just Dance 2
3.7%
24Lego Harry Potter Years 1-4
3.7%
26New Super Mario Bros DS
3.7%
27Monster Hunter Portable 3
3.7%

You're not logged in!

Compare scores with friends on all Sporcle quizzes.
OR
Log In

You Might Also Like...

Show Comments

Extras

Created May 9, 2011SourceReportNominate
Tags:2010, Best Selling, sale

Top Quizzes Today


Score Distribution

Your Account Isn't Verified!

In order to create a playlist on Sporcle, you need to verify the email address you used during registration. Go to your Sporcle Settings to finish the process.

Report this User

Report this user for behavior that violates our Community Guidelines.

Details: